000 00599nam a2200205Ia 4500
003 EC-GqESP
005 20251211145437.0
008 250425s9999 xx 000 0 und d
010 _a112328
020 _a9781462547746
041 _aeng
082 _a519.542
_pDEP
100 _aDepaoli, Sarah
245 0 _aBayesian structural equation modeling
_cSarah Depaoli
260 _aNew York
_bThe Guilford Press
_c2021
300 _a521 páginas
650 _aModelos estadísticos- modelos de ecuaciones estructurales
650 _aTeoría de la decisión estadística bayesiana
942 _c01
999 _c237496
_d237496